000 00455nam a2200145Ia 4500
003 OSt
005 20260114105552.0
008 211028s2012 xx 000 0 und d
040 _cAIMIT LIBRARY
041 _aeng
100 _aIndhrajith; Kairanna, Sneha S.
_g1016017
_96894
245 _aTo attain and retain the sales of maritz pharmaceutical pvt ltd through chemists in Mangalore /
260 _aMangalore
_bKairanna, Sneha S
_c2012
942 _2ddc
_cPRO
999 _c218464
_d218464